Glazed brick decoration in the Ancient Near East : proceedings of a workshop at the 11th International Congress of the Archaeology of the Ancient Near East (Munich) in April 2018 : for the Vorderasiatisches Museum - Staatliche Museen zu Berlin /
Glazed bricks applied as a new form of colourful and glossy architectural decor first started to appear in the early Iron Age on monumental buildings of the Ancient Near East. This volume provides an updated overview of the development of glazed bricks and scientific research on the topic.
مؤلف مشترك:
مؤلفون آخرون: ,
التنسيق: وقائع المؤتمر كتاب الكتروني
اللغة: English
منشور في:
Oxford :
Archaeopress Archaeology,
2020.
الموضوعات:
الوصول للمادة أونلاين: Login to view Source
الوسوم: إضافة وسم
رقم الطلب: DS56
| LEADER | 02298nam a2200433 i 4500 | ||
|---|---|---|---|
| 001 | EDZ0002342199 | ||
| 003 | StDuBDS | ||
| 005 | 20230412182810.0 | ||
| 006 | m|||||o||d|||||||| | ||
| 007 | cr ||||||||||| | ||
| 008 | 200623s2020 enka fob 100|0|eng|d | ||
| 020 | |a 9781789696066 (ebook) : |c No price | ||
| 040 | |a StDuBDS |b eng |c StDuBDS |e rda |e pn | ||
| 050 | 4 | |a DS56 | |
| 082 | 0 | 4 | |a 939.4 |2 23 |
| 245 | 0 | 0 | |a Glazed brick decoration in the Ancient Near East : |b proceedings of a workshop at the 11th International Congress of the Archaeology of the Ancient Near East (Munich) in April 2018 : for the Vorderasiatisches Museum - Staatliche Museen zu Berlin / |c edited by Anja Fügert and Helen Gries. |
| 264 | 1 | |a Oxford : |b Archaeopress Archaeology, |c 2020. | |
| 300 | |a 1 online resource (130 pages) : |b illustrations (black and white, and colour) | ||
| 336 | |a text |2 rdacontent | ||
| 337 | |a computer |2 rdamedia | ||
| 338 | |a online resource |2 rdacarrier | ||
| 500 | |a Conference proceedings. | ||
| 500 | |a "Available in both print and Open Access"--Homepage. | ||
| 500 | |a Also issued in print: 2020. | ||
| 504 | |a Includes bibliographical references. | ||
| 520 | 8 | |a Glazed bricks applied as a new form of colourful and glossy architectural decor first started to appear in the early Iron Age on monumental buildings of the Ancient Near East. This volume provides an updated overview of the development of glazed bricks and scientific research on the topic. | |
| 521 | |a Specialized. | ||
| 588 | |a Description based on online resource; title from PDF title page (viewed on September 28, 2020). | ||
| 650 | 0 | |a Glazed brick |x History |y To 1500 |v Congresses. | |
| 650 | 0 | |a Public buildings |x Decoration |z Middle East |x History |y To 1500 |v Congresses. | |
| 651 | 0 | |a Middle East |x Antiquities |v Congresses. | |
| 700 | 1 | |a Fügert, Anja, |e editor. | |
| 700 | 1 | |a Gries, Helen, |e editor. | |
| 711 | 2 | |a International Congress on the Archaeology of the Ancient Near East |d (2018 : |c Munich), |j associated with work. | |
| 776 | 0 | 8 | |i Print version : |z 9781789696059 |
| 856 | 4 | 0 | |3 Archaeopress |u http://library.arce.org:8087/Archaeopress/Products/9781789696059 |
| 942 | |2 lcc |c EBOOK | ||
| 952 | |0 0 |1 0 |4 0 |6 DS0056 |7 1 |9 46692 |a ARCH |b ARCH |d 2023-04-12 |l 0 |o DS56 |r 2023-04-12 00:00:00 |w 2023-04-12 |y EBOOK | ||
| 999 | |c 52350 |d 52350 | ||
